000 00239nmm a2200085Ia 4500
008 220120s9999||||xx |||||||||||||||||und||
100 _aDigit
245 0 _aFedora 21, fedora server, fedora cloud and fedora work stati
260 _aNine dot Nine
999 _c139955
_d139955